000 00470nam a22001697a 4500
003 NUST - PNEC
005 20170116181118.0
008 151004b xxu||||| |||| 00| 0 eng d
020 _a0135555663025
040 _cLIBRARY
082 _a670.42 LUD
100 _913336
_aLudema, Kenneth C.
245 _aManufacturing engineering: economics and processes
_cKenneth C. Ludema
260 _cc.1987
650 _913338
_aManufacturing engineering
_xME
942 _2ddc
_cBK
999 _c69449
_d69449